Análisis numérico / (Registro nro. 3623)

Detalles MARC
000 -LEADER
fixed length control field 01094nam a2200265Ia 4500
003 - CONTROL NUMBER IDENTIFIER
control field OSt
005 - DATE AND TIME OF LATEST TRANSACTION
control field 20200922134947.0
008 - FIXED-LENGTH DATA ELEMENTS--GENERAL INFORMATION
fixed length control field 191128s1998 mx ad gr 000 0 spa d
020 ## - INTERNATIONAL STANDARD BOOK NUMBER
International Standard Book Number 9687529466
040 ## - CATALOGING SOURCE
Original cataloging agency CO-JMCR
Transcribing agency CO-JMCR
041 0# - LANGUAGE CODE
Language code of text/sound track or separate title spa
082 04 - DEWEY DECIMAL CLASSIFICATION NUMBER
Classification number 515.7 /
Item number B949a
Edition number 23
100 1# - MAIN ENTRY--PERSONAL NAME
Personal name Burden, Richard L.,
Relator term autor
9 (RLIN) 10659
245 10 - TITLE STATEMENT
Title Análisis numérico /
Statement of responsibility, etc. Richard L. Burden, J. Douglas Faires
250 ## - EDITION STATEMENT
Edition statement Sexta edición
260 ## - PUBLICATION, DISTRIBUTION, ETC.
Place of publication, distribution, etc. México :
Name of publisher, distributor, etc. International Thomson,
Date of publication, distribution, etc. 1998.
300 ## - PHYSICAL DESCRIPTION
Extent xiii, 802 páginas :
Other physical details ilustraciones, gráficos ;
Dimensions 25 cm.
505 0# - FORMATTED CONTENTS NOTE
Formatted contents note Preliminares matemáticos -- Soluciones de ecuaciones de una variable -- Interpolación y aproximación polinomial -- Diferenciación e integración numérica -- Problemas de valor incial para ecuaciones diferenciales ordinarias -- Métodos directos para resolve
650 24 - SUBJECT ADDED ENTRY--TOPICAL TERM
Topical term or geographic name entry element Análisis numérico
9 (RLIN) 1818
650 24 - SUBJECT ADDED ENTRY--TOPICAL TERM
Topical term or geographic name entry element Ecuaciones diferenciales
9 (RLIN) 10660
650 24 - SUBJECT ADDED ENTRY--TOPICAL TERM
Topical term or geographic name entry element Soluciones numéricas
9 (RLIN) 10661
650 24 - SUBJECT ADDED ENTRY--TOPICAL TERM
Topical term or geographic name entry element Ecuaciones lineales
9 (RLIN) 10651
700 1# - ADDED ENTRY--PERSONAL NAME
Personal name Faires, J. Douglas,
Relator term autor
9 (RLIN) 10662
942 ## - ADDED ENTRY ELEMENTS (KOHA)
Source of classification or shelving scheme Dewey Decimal Classification
Koha item type Books
Existencias
Withdrawn status Lost status Source of classification or shelving scheme Materials specified (bound volume or other part) Damaged status Not for loan Home library Current library Shelving location Date acquired Source of acquisition Total Checkouts Full call number Barcode Date last seen Date last checked out Copy number Price effective from Koha item type
    Dewey Decimal Classification Donación--10/04/2018--     Biblioteca Pública José María del Castillo y Rada Biblioteca Pública José María del Castillo y Rada General Stacks 11/28/2019 Donación 1 515.7 / B949a 201807496 09/25/2024 09/24/2024 Ej.1 11/28/2019 Books